| 000 | 00542nam a2200157 4500 | ||
|---|---|---|---|
| 999 |
_c80366 _d80366 |
||
| 008 | 201207b ||||| |||| 00| 0 eng d | ||
| 040 |
_bger _cSTAFF _erda _aSTAFF |
||
| 041 | _ager | ||
| 100 | _aTack, Anja | ||
| 245 |
_aUngewisse Zwischenzeit - _bdas Potsdamer Villenviertel am Neuen Garten im Jahr 1945/ _cAnja Tack |
||
| 773 |
_dBerlin: Die Mark Brandenburg - Verlag für Regional- und Zeitgeschichte _g(2020) Sonderheft, S. 32-39 _tDie Mark Brandenburg |
||
| 942 | _cA | ||